Dictionary of advertising / (Record no. 132397)

MARC details
000 -LEADER
fixed length control field 00700nam a22002177a 4500
005 - DATE AND TIME OF LATEST TRANSACTION
control field 20170124110154.0
010 ## - LIBRARY OF CONGRESS CONTROL NUMBER
LC control number A-937142
020 ## - INTERNATIONAL STANDARD BOOK NUMBER
Terms of availability 00.00
035 ## - SYSTEM CONTROL NUMBER
System control number A-937142
037 ## - SOURCE OF ACQUISITION
Source of stock number/acquisition Cen Lib/Ret
040 ## - CATALOGING SOURCE
Original cataloging agency DPL
Language of cataloging EN
082 ## - DEWEY DECIMAL CLASSIFICATION NUMBER
Classification number 659.103
Item number DIC
245 ## - TITLE STATEMENT
Title Dictionary of advertising /
Statement of responsibility, etc edited by Gagan Raj
260 ## - PUBLICATION, DISTRIBUTION, ETC. (IMPRINT)
Place of publication, distribution, etc New Delhi
Name of publisher, distributor, etc Himalaya Publishing House
Date of publication, distribution, etc 1998
270 ## - ADDRESS
Address Pooja Appartments, 4-B, Muarari Lal Street, Ansari Road, Daryaganj
City New Delhi
Postal code 110002
300 ## - PHYSICAL DESCRIPTION
Extent 282p.
Dimensions 19cm(Hb)
650 ## - SUBJECT ADDED ENTRY--TOPICAL TERM
Topical term or geographic name as entry element Advertising -- Dictionaries
Form subdivision Dictionary
9 (RLIN) 34585
650 ## - SUBJECT ADDED ENTRY--TOPICAL TERM
Topical term or geographic name as entry element Advertising
Form subdivision Dictionary
9 (RLIN) 34586
700 ## - ADDED ENTRY--PERSONAL NAME
Personal name Gagan Raj
9 (RLIN) 34587
942 ## - ADDED ENTRY ELEMENTS (KOHA)
Source of classification or shelving scheme Dewey Decimal Classification
Koha item type English Books
Classification part 659.103
Call number suffix DIC
Holdings
Withdrawn status Lost status Damaged status Not for loan Home library Current library Date acquired Source of acquisition Cost, normal purchase price Total Checkouts Full call number Barcode Date last seen Copy number Cost, replacement price Price effective from Koha item type Source of classification or shelving scheme Collection code
        Central Library Central Library 22/07/2015 Cen Lib/Ret 0.00   659.103 DIC A-937142 22/07/2015 1 0.00 22/07/2015 English Books    
      Not For Loan Central Library Central Library 31/07/2015 Cen Lib/Ret 325.00   659.103 DIC A-937143 31/07/2015 2 325.00 31/07/2015 English Books Dewey Decimal Classification Reference

© Delhi Public Library
Hit Counter
free hit counter